000
00275nam a22001217a 4500
008
260423b |||||||| |||| 00| 0 eng d
082
_a
001325
100
_a
Jaidev
245
_a
Charaka Samhita
260
_a
Delhi
_b
Motilal Banarasidass
_c
2018
300
_a
522p
942
_2
ddc
999
_c
1279
_d
1279